Rutgers Head Football Coaches by Picture - Statistics

General Stats
  • This quiz has been taken 2 times
  • The average score is 6 of 23
Answer Stats
Picture Hint Answer % Correct
2016-2019 Chris Ash
100%
2001-2011, 2020-Present Greg Schiano
100%
2012-2015 Kyle Flood
100%
2019 Nunzio Campanile
100%
1996-2000 Terry Shea
100%
1984-1989 Dick Anderson
50%
1904 Alfred Ellet Hitchner
0%
1901 Arthur P. Robinson
0%
1990-1995 Doug Graber
0%
1906-1907 Frank Gorton
0%
1973-1983 Frank R. Burns
0%
1913-1923 George Sanford
0%
1927-1930 | 1942-1945 Harry Rockafeller
0%
1938-1941 | 1946-1955 Harvey Harman
0%
1910-1912 Howard Gargan
0%
1896-1897 John C. B. Pendleton
0%
1960-1972 John F. Bateman
0%
1924-1926 John Wallace
0%
1931-1937 J. Wilder Tasker
0%
2015 Norries Wilson
0%
1903 | 1905 Oliver D. Mann
0%
1895 William Ayres Reynolds
0%
1898-1899 William V. B. Van Dyck
0%
No matching quizzes found
Score Distribution
Percent of People with Each Score
Percentile by Number Answered
Your Score History
You have not taken this quiz